00251nam a2200085Ia 4500008004100000100004000041245003600081260004000117300000800157201217s9999 xx 000 0 und d aParchure, Rajas and Kumar, N. Ashok 0aIntroduction To Lease Financing aPunebThe Times Research Foundation a194